00433nam a2200133Ia 4500008004100000082001900041100002400060245004100084260001800125300001000143942001200153999001900165952011500184210430s9999 xx 000 0 und d a621.4831 W146N aWakil M.M.EL954828 aNuclear Heat TransportcWakil M.M.EL aAmericac1993 a502p. cBK2ddc c565592d565592 00104070aSCMEbSCMEcCARTd2012-01-16l1o621.4831 W146NpSCME- D89r2026-02-09s2026-01-28w2021-04-30yBK